Trade, food, diet and health: (Record no. 363819)
[ view plain ]
| 000 -LEADER | |
|---|---|
| fixed length control field | 00555nam a2200145Ia 4500 |
| 008 - FIXED-LENGTH DATA ELEMENTS--GENERAL INFORMATION | |
| fixed length control field | 200626s9999 xx 000 0 und d |
| 020 ## - INTERNATIONAL STANDARD BOOK NUMBER | |
| International Standard Book Number | 978-1-4051-9986-5 |
| 100 ## - MAIN ENTRY--PERSONAL NAME | |
| Personal name | Hawkes, Corinna |
| 245 ## - TITLE STATEMENT | |
| Statement of responsibility, etc | Corinna Hawkes, Chantal Blouin, Spencer Henson, Nick Drager, Laurete Dubé.-- |
| Title | Trade, food, diet and health: |
| Remainder of title | Perspectives and policy options:/ |
| 260 ## - PUBLICATION, DISTRIBUTION, ETC. (IMPRINT) | |
| Place of publication, distribution, etc | United Kingdom : |
| Name of publisher, distributor, etc | Blackwell Publishing Ltd |
| Date of publication, distribution, etc | 2010 |
| 300 ## - PHYSICAL DESCRIPTION | |
| Extent | xv, 318 pages |
| 500 ## - GENERAL NOTE | |
| General note | Includes References, and Index |
| 650 ## - SUBJECT ADDED ENTRY--TOPICAL TERM | |
| Topical term or geographic name as entry element | Food industry and trade. |
| 650 ## - SUBJECT ADDED ENTRY--TOPICAL TERM | |
| Topical term or geographic name as entry element | Nutrition policy. |
| Withdrawn status | Lost status | Damaged status | Home library | Current library | Shelving location | Date acquired | Total Checkouts | Full call number | Barcode | Date last seen | Price effective from | Koha item type |
|---|---|---|---|---|---|---|---|---|---|---|---|---|
| Southville International School Affiliated with Foreign Universities Library | Southville International School Affiliated with Foreign Universities Library | Southville Foreign University Section | 06/27/2020 | TX 359 .H392 2010 | SFU0970 | 06/27/2020 | 06/27/2020 | Books |